000
00254nam a2200109Ia 4500
008
220216s9999 xx 000 0 und d
245
0
_a
Real problems, solitions
260
_b
Terragreen
_c
2011
300
_a
14-17
650
_a
Climate change
942
_c
JS
999
_c
66384
_d
66384